Sports Quiz

Random Sports or Numbers Quiz

Fewest Points Allowed in the Super Bowl Quiz Stats

Quiz not verified by Sporcle

Challenge
Share
Tweet
Embed
Score 0/28 Timer 07:00
0 Plays Today
Total Points Allowed Team % Correct
56Carolina Panthers (28 ppg)
100%
68Atlanta Falcons (34 ppg)
100%
7New York Jets (7 ppg)
86.1%
123San Francisco 49ers (20.5 ppg)
80.6%
132Dallas Cowboys (16.5 ppg)
78.5%
38Baltimore Ravens (19 ppg)
77.4%
104New York Giants (20.8 ppg)
76.8%
57Seattle Seahawks (19 ppg)
71.7%
259Denver Broncos (32.38 ppg)
70.8%
17New Orleans Saints (17 ppg)
70.1%
139Buffalo Bills (34.75 ppg)
70.1%
114Oakland/Los Angeles Raiders (22.8 ppg)
68.8%
39Chicago Bears (19.5 ppg)
66.7%
95Minnesota Vikings (23.75 ppg)
66.7%
Total Points Allowed Team % Correct
49San Diego Chargers (49 ppg)
66%
103Washington Redskins (20.6 ppg)
66%
21Tampa Bay Buccaneers (21 ppg)
65.3%
103Miami Dolphins (20.6 ppg)
63.9%
77Baltimore/Indianapolis Colts (19.25 ppg)
61.8%
42Kansas City Chiefs (21 ppg)
59.7%
67Los Angeles/St. Louis Rams (22.3 ppg)
59.7%
46Cincinnati Bengals (23 ppg)
59%
23Tennessee Titans (23 ppg)
58.3%
27Arizona Cardinals (27 ppg)
55.6%
164Pittsburgh Steelers (20.5 ppg)
50%
101Green Bay Packers (20.2 ppg)
43.8%
84Philadelphia Eagles (28 ppg)
0%
279New England Patriots (27.9 ppg)
0%

You're not logged in!

Compare scores with friends on all Sporcle quizzes.
Sign Up with Email
OR
Log In

You Might Also Like...

Show Comments

Extras

Top Quizzes Today


Score Distribution

Your Account Isn't Verified!

In order to create a playlist on Sporcle, you need to verify the email address you used during registration. Go to your Sporcle Settings to finish the process.

Report this User

Report this user for behavior that violates our Community Guidelines.

Details: